Modelos empíricos de fertilización nitrogenada en cebada cervecera /
Guardado en:
| Otros Autores: | , |
|---|---|
| Formato: | Manuscrito |
| Idioma: | Spanish |
| Publicado: |
2015.
|
| Materias: | |
| Acceso en línea: | Texto completo |
| Etiquetas: |
Agregar Etiqueta
Sin Etiquetas, Sea el primero en etiquetar este registro!
|
| LEADER | 01200ntm a22003015a 4500 | ||
|---|---|---|---|
| 001 | EEA.libagro010672 | ||
| 005 | 20160517101748.0 | ||
| 008 | 151228s2015####ag#######bm###000#0#spa#d | ||
| 082 | 0 | 4 | |a 040 |2 15 |
| 082 | 0 | 4 | |a 631.84 |2 15 |
| 082 | 0 | 4 | |a 633.1 |2 15 |
| 100 | 1 | |a Rausch, Analía Fabiana. |4 dis | |
| 245 | 1 | 0 | |a Modelos empíricos de fertilización nitrogenada en cebada cervecera / |c Analía Fabiana Rausch. |
| 260 | |c 2015. | ||
| 300 | |a x, 116 p. ; |c 30 cm. | ||
| 500 | |a Director de tesis: María de las Mercedes Ron. | ||
| 500 | |a "Tesis de Magíster en Ciencias Agrarias". | ||
| 502 | |a Tesis (magíster)--Universidad Nacional del Sur. Departamento de Agronomía, 2015. | ||
| 504 | |a Incluye referencias bibliográficas. | ||
| 530 | |a Disponible además en formato digital | ||
| 650 | 7 | |a Agronomía. |2 unbist | |
| 653 | |a Ciencias agrarias | ||
| 653 | |a Fertilización nitrogenada | ||
| 653 | |a Cebada cervecera | ||
| 700 | 1 | |a Ron, María de las Mercedes. |4 ths | |
| 710 | 2 | |a Universidad Nacional del Sur. |b Departamento de Agronomía |4 dgg. | |
| 856 | 4 | 1 | |3 Texto completo |u http://repositoriodigital.uns.edu.ar/handle/123456789/2515 |
| 859 | |a AR-BbBCA |b BIB. AGRONOMIA |h 040 |i B148 2015-1410 |p 125371/015 | ||
